[Event "Catalunya-chT GpB final"]
[Site "Barcelona"]
[Date "2017.03.11"]
[Round "1.3"]
[White "Valle Maytin, Luis Enrique"]
[Black "Ubach Miralda, Marcelo"]
[Result "1/2-1/2"]
[WhiteElo "2306"]
[BlackElo "2260"]
[PlyCount "57"]
[EventDate "2017.03.11"]
[EventType "team-tourn"]
[EventRounds "11"]
[EventCountry "ESP"]
[SourceTitle "CBM 177 Extra"]
[Source "ChessBase"]
[SourceDate "2017.04.27"]
[SourceVersion "1"]
[SourceVersionDate "2017.04.27"]
[SourceQuality "1"]
[WhiteTeam "Gerunda"]
[BlackTeam "Terrassa"]
[WhiteTeamCountry "ESP"]
[BlackTeamCountry "ESP"]

1. d4 d5 2. c4 c6 3. Nc3 Nf6 4. cxd5 cxd5 5. Nf3 Nc6 6. Bf4 Bf5 7. e3 e6 8. Qb3 Bb4 9. Ne5 0-0 10. Nxc6 Bxc3+ 11. Qxc3 bxc6 12. Be2 Ne4 13. Qa3 g5 14. Bg3 Qb6 15. Rc1 a5 16. f3 Nxg3 17. hxg3 Qb4+ 18. Qc3 Rfb8 19. b3 a4 20. Qxb4 Rxb4 21. Bd1 axb3 22. Bxb3 Bd3 23. Kd2 Bc4 24. Kc3 Rab8 25. Rb1 R8b5 26. Rh5 f6 27. Rh6 Bxb3 28. Rxb3 Kg7 29. Rh1 1/2-1/2

[Event "Catalunya-chT Gp2"]
[Site "Barcelona"]
[Date "2017.01.28"]
[Round "2.3"]
[White "Ubach Miralda, Marcelo"]
[Black "Diaz Camallonga, Carles"]
[Result "1/2-1/2"]
[WhiteElo "2260"]
[BlackElo "2432"]
[PlyCount "39"]
[EventDate "2017.01.21"]
[EventType "team-tourn"]
[EventRounds "7"]
[EventCountry "ESP"]
[SourceTitle "CBM 176 Extra"]
[Source "ChessBase"]
[SourceDate "2017.03.02"]
[SourceVersion "1"]
[SourceVersionDate "2017.03.02"]
[SourceQuality "1"]
[WhiteTeam "Terrassa"]
[BlackTeam "Colon Sabadell"]
[WhiteTeamCountry "ESP"]
[BlackTeamCountry "ESP"]

1. c4 e6 2. g3 d5 3. Bg2 dxc4 4. Na3 Nf6 5. Nxc4 c5 6. Nf3 Nc6 7. b3 Be7 8. Bb2 0-0 9. 0-0 Qc7 10. Nfe5 Bd7 11. Nxd7 Qxd7 12. Ne5 Nxe5 13. Bxe5 Rfd8 14. Rc1 Rac8 15. Qc2 b6 16. Rfd1 Nd5 17. Qc4 Bf6 18. Bxf6 Nxf6 19. d3 Qd4 20. Qxd4 1/2-1/2

[Event "Catalunya-chT GpB final"]
[Site "Barcelona"]
[Date "2015.04.11"]
[Round "10.4"]
[White "Ubach Miralda, Marcelo"]
[Black "Vidarte Morales, Arturo"]
[Result "0-1"]
[WhiteElo "2297"]
[BlackElo "2320"]
[PlyCount "76"]
[EventDate "2015.03.14"]
[EventType "team-tourn"]
[EventRounds "11"]
[EventCountry "ESP"]
[SourceTitle "EXT 2016"]
[Source "ChessBase"]
[SourceDate "2015.10.08"]
[SourceVersion "1"]
[SourceVersionDate "2015.10.08"]
[SourceQuality "1"]
[WhiteTeam "Terrassa"]
[BlackTeam "Montcada"]
[WhiteTeamCountry "ESP"]
[BlackTeamCountry "ESP"]

1. e4 c5 2. Nf3 g6 3. d4 cxd4 4. Nxd4 Bg7 5. Nc3 Nc6 6. Be3 d6 7. Bc4 Nf6 8. Bb3 0-0 9. f3 Bd7 10. Qd2 Rc8 11. 0-0-0 Ne5 12. Kb1 Re8 13. h4 h5 14. Bh6 Bh8 15. g4 Qa5 16. gxh5 Nxh5 17. Qg5 Rxc3 18. bxc3 Bf6 19. Qg1 Qxc3 20. Bc1 e6 21. Bb2 Qc5 22. Rf1 Rc8 23. f4 Nc4 24. Bxc4 Qxc4 25. f5 e5 26. fxg6 exd4 27. gxf7+ Kxf7 28. Qg5 Rc5 29. Qh6 Be6 30. Rf2 Rb5 31. Kc1 Qb4 32. Ba1 Qa3+ 33. Kd2 Qa5+ 34. Kd3 Qb4 35. e5 Bc4+ 36. Ke4 Rxe5+ 37. Kf3 Bd5+ 38. Kg4 d3+ 0-1

[Event "Catalunya-chT Gp2"]
[Site "Barcelona"]
[Date "2015.03.07"]
[Round "7.1"]
[White "Escobar Torres, Antonio"]
[Black "Ubach Miralda, Marcelo"]
[Result "1/2-1/2"]
[WhiteElo "2140"]
[BlackElo "2297"]
[PlyCount "73"]
[EventDate "2015.01.24"]
[EventType "team-tourn"]
[EventRounds "7"]
[EventCountry "ESP"]
[SourceTitle "EXT 2016"]
[Source "ChessBase"]
[SourceDate "2015.10.08"]
[SourceVersion "1"]
[SourceVersionDate "2015.10.08"]
[SourceQuality "1"]
[WhiteTeam "Sitges"]
[BlackTeam "Terrassa"]
[WhiteTeamCountry "ESP"]
[BlackTeamCountry "ESP"]

1. e4 c6 2. Nc3 d5 3. g3 dxe4 4. Nxe4 Bf5 5. Bg2 Nd7 6. Ne2 Ngf6 7. N2c3 e5 8. d3 Be7 9. Qe2 Qc7 10. Bd2 0-0 11. 0-0 Rfe8 12. Kh1 Bg4 13. f3 Bh5 14. Rae1 Nd5 15. Bh3 Nf8 16. Bc1 Rad8 17. Qf2 Bb4 18. a3 Ba5 19. Qxa7 Bb6 20. Qa4 Ne6 21. Bxe6 Rxe6 22. Qc4 h6 23. Kg2 Qe7 24. Nf2 f5 25. Nh3 Bf7 26. Bd2 Rg6 27. Qa4 Qd6 28. Nf2 Bd4 29. Nxd5 Bxd5 30. c3 Bb6 31. c4 Bf7 32. Be3 Bxe3 33. Rxe3 f4 34. Re4 fxg3 35. hxg3 c5 36. Rfe1 Be8 37. Qd1 1/2-1/2

[Event "Catalunya-chT Gp2"]
[Site "Barcelona"]
[Date "2015.02.28"]
[Round "6.4"]
[White "Ubach Miralda, Marcelo"]
[Black "Hernando Rodrigo, Julio Antonio"]
[Result "0-1"]
[WhiteElo "2297"]
[BlackElo "2333"]
[PlyCount "62"]
[EventDate "2015.01.24"]
[EventType "team-tourn"]
[EventRounds "7"]
[EventCountry "ESP"]
[SourceTitle "EXT 2016"]
[Source "ChessBase"]
[SourceDate "2015.10.08"]
[SourceVersion "1"]
[SourceVersionDate "2015.10.08"]
[SourceQuality "1"]
[WhiteTeam "Terrassa"]
[BlackTeam "Cerdanyola Valles"]
[WhiteTeamCountry "ESP"]
[BlackTeamCountry "ESP"]

1. e4 e6 2. d4 d5 3. Nd2 c5 4. c3 cxd4 5. cxd4 Nc6 6. Ngf3 Bb4 7. e5 Nh6 8. Bd3 Qb6 9. 0-0 Nf5 10. Nb3 a5 11. a4 Bd7 12. g4 Nfe7 13. Be3 h5 14. h3 hxg4 15. hxg4 f5 16. Ng5 Rh4 17. gxf5 Nxf5 18. Bxf5 exf5 19. e6 Rg4+ 20. Kh1 Ke7 21. Qf3 Rh8+ 22. Nh3 Bxe6 23. Rg1 Kd7 24. Rg3 Bd6 25. Nc5+ Kc8 26. Nxe6 Rxg3 27. fxg3 Rxh3+ 28. Kg2 Rxg3+ 29. Qxg3 Bxg3 30. Kxg3 Qxb2 31. Rh1 Qe2 0-1

[Event "Catalunya-chT Gp2"]
[Site "Barcelona"]
[Date "2015.02.21"]
[Round "5.2"]
[White "Garriga Cazorla, Pere"]
[Black "Ubach Miralda, Marcelo"]
[Result "1-0"]
[WhiteElo "2393"]
[BlackElo "2297"]
[PlyCount "51"]
[EventDate "2015.01.24"]
[EventType "team-tourn"]
[EventRounds "7"]
[EventCountry "ESP"]
[SourceTitle "EXT 2016"]
[Source "ChessBase"]
[SourceDate "2015.10.08"]
[SourceVersion "1"]
[SourceVersionDate "2015.10.08"]
[SourceQuality "1"]
[WhiteTeam "Mollet"]
[BlackTeam "Terrassa"]
[WhiteTeamCountry "ESP"]
[BlackTeamCountry "ESP"]

1. Nf3 d5 2. g3 Nf6 3. Bg2 c6 4. c4 dxc4 5. a4 Bf5 6. Na3 e6 7. Nxc4 Bb4 8. 0-0 0-0 9. a5 Be4 10. Qb3 c5 11. d3 Bd5 12. e4 Bc6 13. Nfe5 Bb5 14. Be3 Nc6 15. Nxc6 bxc6 16. h3 Qe7 17. Rfd1 Rfd8 18. f4 Rab8 19. Qc2 Qb7 20. g4 Qa6 21. f5 Bxc4 22. dxc4 Rxd1+ 23. Rxd1 Qxa5 24. e5 Ne8 25. fxe6 fxe6 26. Qf2 1-0

[Event "Catalunya-chT"]
[Site "Catalunya"]
[Date "2012.04.21"]
[Round "11.5"]
[White "Raineri de Luca, Pablo"]
[Black "Ubach Miralda, Marcelo"]
[Result "1/2-1/2"]
[WhiteElo "2261"]
[BlackElo "2272"]
[PlyCount "21"]
[EventDate "2012.01.28"]
[EventType "team-tourn"]
[EventRounds "11"]
[EventCountry "ESP"]
[SourceTitle "EXT 2013"]
[Source "ChessBase"]
[SourceDate "2012.11.22"]
[SourceVersion "1"]
[SourceVersionDate "2012.11.22"]
[SourceQuality "1"]
[WhiteTeam "Cerdanyola Valles"]
[BlackTeam "Terrassa"]
[WhiteTeamCountry "ESP"]
[BlackTeamCountry "ESP"]

1. d4 d5 2. c4 c6 3. Nf3 Nf6 4. Nc3 dxc4 5. a4 Bf5 6. Ne5 e6 7. g3 Nbd7 8. Nxc4 Bb4 9. Bg2 0-0 10. 0-0 Qe7 11. Qb3 1/2-1/2

[Event "Catalunya-chT"]
[Site "Catalunya"]
[Date "2012.04.14"]
[Round "10.5"]
[White "Ubach Miralda, Marcelo"]
[Black "Trepat Herranz, Joan"]
[Result "1/2-1/2"]
[WhiteElo "2272"]
[BlackElo "2325"]
[PlyCount "88"]
[EventDate "2012.01.28"]
[EventType "team-tourn"]
[EventRounds "11"]
[EventCountry "ESP"]
[SourceTitle "EXT 2013"]
[Source "ChessBase"]
[SourceDate "2012.11.22"]
[SourceVersion "1"]
[SourceVersionDate "2012.11.22"]
[SourceQuality "1"]
[WhiteTeam "Terrassa"]
[BlackTeam "Lleida"]
[WhiteTeamCountry "ESP"]
[BlackTeamCountry "ESP"]

1. e4 c6 2. d4 d5 3. exd5 cxd5 4. c4 Nf6 5. Nc3 Nc6 6. Bg5 dxc4 7. Bxc4 h6 8. Be3 e6 9. Nf3 Be7 10. 0-0 0-0 11. Qe2 b6 12. Rfd1 Na5 13. Bd3 Bb7 14. Rac1 Rc8 15. Ne5 Bd6 16. Bb1 Nc6 17. Ng4 Nxg4 18. Qxg4 f5 19. Qe2 Qh4 20. f4 Rfe8 21. Qf2 Qxf2+ 22. Kxf2 Ne7 23. Bd3 Nd5 24. Nxd5 Bxd5 25. a3 Kf7 26. Ba6 Rxc1 27. Rxc1 Kf6 28. h4 Re7 29. g3 Rc7 30. Rxc7 Bxc7 31. Ke2 Bd8 32. Kd2 Ke7 33. Kc3 Kd6 34. b4 Kc6 35. Be2 b5 36. Bd1 a6 37. Bh5 Kd7 38. Be2 Bf6 39. Kb2 Kd6 40. Kc3 Be4 41. Bd1 Ke7 42. Be2 Bc6 43. Bh5 Kd8 44. Kb3 Bd5+ 1/2-1/2

[Event "Catalunya-chT"]
[Site "Catalunya"]
[Date "2012.03.17"]
[Round "8.5"]
[White "Ubach Miralda, Marcelo"]
[Black "Fernandez Vicente, Carmelo"]
[Result "1-0"]
[WhiteElo "2272"]
[BlackElo "2165"]
[PlyCount "85"]
[EventDate "2012.01.28"]
[EventType "team-tourn"]
[EventRounds "11"]
[EventCountry "ESP"]
[SourceTitle "EXT 2013"]
[Source "ChessBase"]
[SourceDate "2012.11.22"]
[SourceVersion "1"]
[SourceVersionDate "2012.11.22"]
[SourceQuality "1"]
[WhiteTeam "Terrassa"]
[BlackTeam "Tarragona"]
[WhiteTeamCountry "ESP"]
[BlackTeamCountry "ESP"]

1. e4 c5 2. Nc3 e6 3. Nf3 a6 4. d4 cxd4 5. Nxd4 Nc6 6. Be3 Qc7 7. f4 b5 8. Qf3 Bb7 9. 0-0-0 Rc8 10. Bd3 Nf6 11. Kb1 Na5 12. g4 d5 13. g5 Nxe4 14. Nxe4 dxe4 15. Bxe4 Bc5 16. Rhe1 Bxe4 17. Qxe4 0-0 18. Nxe6 fxe6 19. Bxc5 Qxc5 20. b4 Qf5 21. bxa5 Qxf4 22. Qxf4 Rxf4 23. Rxe6 Rf2 24. Rd7 Rf1+ 25. Kb2 Rf2 26. Rxa6 Rcxc2+ 27. Ka3 Rxa2+ 28. Kb4 Rab2+ 29. Kc5 Rbc2+ 30. Kb6 Rc8 31. Raa7 Rxh2 32. Rxg7+ Kh8 33. Rgc7 Rg8 34. a6 b4 35. Rab7 b3 36. Rc5 h6 37. a7 Rg6+ 38. Kb5 Ra2 39. Rc8+ Rg8 40. Rxg8+ Kxg8 41. gxh6 Rxa7 42. Rxa7 b2 43. Rg7+ 1-0

[Event "Catalunya-chT"]
[Site "Catalunya"]
[Date "2012.03.03"]
[Round "6.5"]
[White "Ubach Miralda, Marcelo"]
[Black "Asis Gargatagli, Hipolito"]
[Result "0-1"]
[WhiteElo "2272"]
[BlackElo "2462"]
[PlyCount "110"]
[EventDate "2012.01.28"]
[EventType "team-tourn"]
[EventRounds "11"]
[EventCountry "ESP"]
[SourceTitle "EXT 2013"]
[Source "ChessBase"]
[SourceDate "2012.11.22"]
[SourceVersion "1"]
[SourceVersionDate "2012.11.22"]
[SourceQuality "1"]
[WhiteTeam "Terrassa"]
[BlackTeam "Barcelona Uga"]
[WhiteTeamCountry "ESP"]
[BlackTeamCountry "ESP"]

1. c4 Nf6 2. Nc3 d5 3. cxd5 Nxd5 4. g3 g6 5. Bg2 Nxc3 6. bxc3 Bg7 7. Nf3 0-0 8. 0-0 Nc6 9. a4 Na5 10. Qc2 c5 11. d3 Bf5 12. e4 Bd7 13. Bf4 Rc8 14. Ra3 b6 15. Rd1 Bc6 16. h4 h6 17. Bh3 Bd7 18. Bxd7 Qxd7 19. Kg2 Rfd8 20. Qe2 Qg4 21. Rd2 Qh5 22. Ne1 Qxe2 23. Rxe2 e5 24. Be3 c4 25. d4 exd4 26. cxd4 Bxd4 27. Bxh6 c3 28. Nc2 Bh8 29. e5 Rd3 30. Bf4 Nc4 31. Ra1 a5 32. Rc1 Nb2 33. Ne1 Rdd8 34. Re4 Re8 35. Rc2 f5 36. Rd4 Bxe5 37. Bxe5 Rxe5 38. Nd3 Nxd3 39. Rxd3 Rec5 40. Kf3 Kf7 41. Rd7+ Ke6 42. Rg7 Kf6 43. Rb7 R8c6 44. Ke3 Rc4 45. Kd3 Rxa4 46. Rxc3 Rxc3+ 47. Kxc3 Ra3+ 48. Kb2 Rf3 49. Rxb6+ Kg7 50. Ra6 Rxf2+ 51. Kc1 Ra2 52. Kb1 Ra3 53. Kb2 Rxg3 54. Rxa5 Rh3 55. Ra4 Kh6 0-1

[Event "Catalunya-chT"]
[Site "Barcelona"]
[Date "2011.04.02"]
[Round "10.6"]
[White "Gomez Jurado, Luis Alberto"]
[Black "Ubach Miralda, Marcelo"]
[Result "0-1"]
[WhiteElo "2347"]
[BlackElo "2261"]
[PlyCount "84"]
[EventDate "2011.01.29"]
[EventType "team-tourn"]
[EventRounds "11"]
[EventCountry "ESP"]
[SourceTitle "EXT 2012"]
[Source "ChessBase"]
[SourceDate "2011.11.24"]
[SourceVersion "1"]
[SourceVersionDate "2011.11.24"]
[SourceQuality "1"]
[WhiteTeam "Barbera"]
[BlackTeam "Terrassa"]
[WhiteTeamCountry "ESP"]
[BlackTeamCountry "ESP"]

1. c4 c6 2. g3 Nf6 3. Nf3 d5 4. Bg2 Bf5 5. cxd5 cxd5 6. Qb3 Qb6 7. d3 Nc6 8. Nc3 e6 9. Qxb6 axb6 10. Nb5 Kd7 11. 0-0 Bc5 12. Bd2 Rhc8 13. a3 Ne8 14. b4 Be7 15. e4 Bg6 16. exd5 exd5 17. Bh3+ f5 18. Be3 Bf6 19. Rac1 Na7 20. Nxa7 Rxc1 21. Rxc1 Rxa7 22. g4 Rxa3 23. gxf5 Bh5 24. Ne1 Rb3 25. Bg2 Bf7 26. Nc2 Rxd3 27. Bxb6 Rc3 28. Be3 Nd6 29. Bd2 Rd3 30. Bf4 Rc3 31. Bd2 Rc8 32. Bh3 Ne4 33. Bf4 Nc3 34. Re1 d4 35. Bf1 Nd5 36. Bb5+ Kd8 37. Nxd4 Bxd4 38. Rd1 Bf6 39. Be3 Rc2 40. Bc5 Kc7 41. Bd3 Ra2 42. Bb1 Ra1 0-1

[Event "Catalunya-chT"]
[Site "Barcelona"]
[Date "2011.03.12"]
[Round "7.6"]
[White "Ubach Miralda, Marcelo"]
[Black "Travesset Ribera, Joaquin"]
[Result "1-0"]
[WhiteElo "2261"]
[BlackElo "2232"]
[PlyCount "73"]
[EventDate "2011.01.29"]
[EventType "team-tourn"]
[EventRounds "11"]
[EventCountry "ESP"]
[SourceTitle "EXT 2012"]
[Source "ChessBase"]
[SourceDate "2011.11.24"]
[SourceVersion "1"]
[SourceVersionDate "2011.11.24"]
[SourceQuality "1"]
[WhiteTeam "Terrassa"]
[BlackTeam "San Andreu"]
[WhiteTeamCountry "ESP"]
[BlackTeamCountry "ESP"]

1. e4 d5 2. exd5 Nf6 3. c4 e6 4. dxe6 Bxe6 5. Be2 c5 6. Nf3 Nc6 7. 0-0 Qd7 8. b4 0-0-0 9. bxc5 Bxc5 10. Ba3 Bd4 11. Nc3 Bxc3 12. dxc3 Qxd1 13. Rfxd1 Ne4 14. Bb2 Na5 15. Rd4 Rxd4 16. cxd4 Nxc4 17. Bxc4 Bxc4 18. Rc1 b5 19. Ne5 Nd6 20. Ba3 f6 21. Bxd6 fxe5 22. dxe5 Kd7 23. f4 Ke6 24. a3 g6 25. Kf2 h5 26. Ke3 Rh7 27. Rd1 a5 28. h3 a4 29. Ke4 Bb3 30. Rd2 Rf7 31. g4 hxg4 32. hxg4 Bc4 33. Bb4 Rc7 34. f5+ gxf5+ 35. gxf5+ Kf7 36. e6+ Ke8 37. Rh2 1-0

[Event "Catalunya-chT Honor"]
[Site "Catalunya"]
[Date "2009.03.15"]
[Round "7"]
[White "Gomez Jurado, Luis Alberto"]
[Black "Ubach Miralda, Marcelo"]
[Result "0-1"]
[WhiteElo "2306"]
[BlackElo "2258"]
[PlyCount "100"]
[EventDate "2009.02.01"]
[EventType "team-tourn"]
[EventRounds "9"]
[EventCountry "ESP"]
[SourceTitle "EXT 2019"]
[Source "ChessBase"]
[SourceDate "2018.10.10"]
[SourceVersion "1"]
[SourceVersionDate "2018.10.10"]
[SourceQuality "1"]
[WhiteTeam "Barbera"]
[BlackTeam "Terrassa"]
[WhiteTeamCountry "ESP"]
[BlackTeamCountry "ESP"]

1. d4 d5 2. Nf3 Nf6 3. c4 c6 4. Nc3 dxc4 5. a4 Bf5 6. Nh4 e6 7. Nxf5 exf5 8. e3 Bb4 9. Bxc4 0-0 10. Bd2 Qa5 11. Qb3 Nbd7 12. 0-0 c5 13. Rfd1 Rac8 14. Nb1 Bxd2 15. Nxd2 Nb6 16. dxc5 Qxc5 17. Bd3 g6 18. a5 Nbd5 19. Qxb7 Nxe3 20. b4 Qd5 21. Qxd5 Nexd5 22. b5 Nc3 23. Rdc1 Rfd8 24. Bc4 Nxb5 25. Bxb5 Rxc1+ 26. Rxc1 Rxd2 27. h3 Rd5 28. Rc8+ Kg7 29. Rb8 a6 30. Bc4 Rxa5 31. Rb7 Ne4 32. Rxf7+ Kh6 33. Ra7 Ra1+ 34. Kh2 Nxf2 35. Rxa6 Rxa6 36. Bxa6 Kg5 37. Bb7 h5 38. Bc6 h4 39. Bd7 Kf4 40. Bc6 Ne4 41. Bd5 Ke3 42. Bc6 Kf2 43. Bd5 Nd2 44. Be6 Nf1+ 45. Kh1 Ne3 46. Bf7 g5 47. Be6 Nxg2 48. Bxf5 Kg3 49. Bc8 Nf4 50. Bd7 Nxh3 0-1

[Event "Catalunya-chT Honor"]
[Site "Catalunya"]
[Date "2008.04.20"]
[Round "9"]
[White "Lecha Gonzalez, Jesus Nicolas"]
[Black "Ubach Miralda, Marcelo"]
[Result "1/2-1/2"]
[WhiteElo "2154"]
[BlackElo "2261"]
[PlyCount "45"]
[EventDate "2008.01.27"]
[EventType "team-tourn"]
[EventRounds "9"]
[EventCountry "ESP"]
[SourceTitle "EXT 2019"]
[Source "ChessBase"]
[SourceDate "2018.10.10"]
[SourceVersion "1"]
[SourceVersionDate "2018.10.10"]
[SourceQuality "1"]

1. e4 c6 2. d4 d5 3. Nd2 dxe4 4. Nxe4 Bf5 5. Ng3 Bg6 6. h4 h6 7. Nf3 Nd7 8. h5 Bh7 9. Bd3 Bxd3 10. Qxd3 e6 11. Bf4 Ngf6 12. 0-0-0 Be7 13. Ne5 Nxe5 14. Bxe5 Ng4 15. Qe2 Nxe5 16. dxe5 Qa5 17. Kb1 Rd8 18. f4 0-0 19. Ne4 Rxd1+ 20. Rxd1 Rd8 21. Rh1 Rd4 22. c3 Rd7 23. Rd1 1/2-1/2

[Event "Catalunya-chT DH"]
[Site "Spain"]
[Date "2004.??.??"]
[Round "6"]
[White "Ayas Fernandez, Antonio"]
[Black "Ubach Miralda, Marcelo"]
[Result "1-0"]
[WhiteElo "2317"]
[BlackElo "2308"]
[PlyCount "109"]
[EventDate "2004.??.??"]
[EventType "team"]
[EventRounds "9"]
[EventCountry "ESP"]
[SourceTitle "EXT 2007"]
[Source "ChessBase"]
[SourceDate "2006.11.23"]
[SourceVersion "1"]
[SourceVersionDate "2006.11.23"]
[SourceQuality "1"]

1. e4 c6 2. d4 d5 3. exd5 cxd5 4. c4 Nf6 5. Nc3 Nc6 6. Nf3 Bg4 7. cxd5 Nxd5 8. Qb3 Bxf3 9. gxf3 Nb6 10. Be3 e6 11. Rg1 g6 12. 0-0-0 Bg7 13. d5 exd5 14. Bc5 Qc7 15. Re1+ Kd8 16. Kb1 Re8 17. Rxe8+ Kxe8 18. Bb5 Qe5 19. f4 Qf5+ 20. Ka1 Bxc3 21. Qxc3 Kd7 22. Re1 Re8 23. Rxe8 Kxe8 24. Qh8+ Kd7 25. Qb8 Qc2 26. Qxb7+ Kd8 27. Bxb6+ axb6 28. a3 Qd1+ 29. Ka2 Qb3+ 30. Kxb3 Na5+ 31. Kc3 Nxb7 32. Bc6 Nd6 33. Bxd5 Ke7 34. a4 f6 35. b4 Nc8 36. a5 bxa5 37. bxa5 Kd6 38. Kc4 h6 39. Bb7 Ne7 40. a6 Kc7 41. Kc5 g5 42. Bf3 Kb8 43. f5 Ka7 44. Be4 h5 45. Kd6 Ng8 46. Ke6 Kxa6 47. Kf7 Nh6+ 48. Kxf6 Ng4+ 49. Kxg5 Nxf2 50. Bf3 Nh3+ 51. Kxh5 Kb6 52. f6 Kc5 53. f7 Nf4+ 54. Kh6 Ne6 55. Bg4 1-0

[Event "Catalunya-chT DH"]
[Site "Spain"]
[Date "2004.??.??"]
[Round "1"]
[White "Ubach Miralda, Marcelo"]
[Black "Vehi Bach, Victor Manuel"]
[Result "1/2-1/2"]
[WhiteElo "2308"]
[BlackElo "2385"]
[PlyCount "65"]
[EventDate "2004.??.??"]
[EventType "team"]
[EventRounds "9"]
[EventCountry "ESP"]
[SourceTitle "EXT 2007"]
[Source "ChessBase"]
[SourceDate "2006.11.23"]
[SourceVersion "1"]
[SourceVersionDate "2006.11.23"]
[SourceQuality "1"]

1. Nf3 c5 2. g3 g6 3. Bg2 Bg7 4. d4 cxd4 5. Nxd4 Nc6 6. Nb3 Nf6 7. e4 0-0 8. 0-0 d6 9. Nc3 Rb8 10. a4 Re8 11. h3 b6 12. f4 Bb7 13. Qe2 e5 14. Qf2 Nd4 15. fxe5 dxe5 16. Bg5 Nxb3 17. cxb3 Qd4 18. Bxf6 Bxf6 19. Qxd4 exd4 20. Rxf6 dxc3 21. bxc3 Bxe4 22. Raf1 Rb7 23. Re1 Rbe7 24. Rxe4 Rxe4 25. Bxe4 Rxe4 26. Kf2 Re7 27. Rc6 Kg7 28. c4 h5 29. h4 f6 30. b4 g5 31. hxg5 fxg5 32. b5 Re4 33. Kf3 1/2-1/2

[Event "Catalunya-chT"]
[Site "Spain"]
[Date "2003.??.??"]
[Round "4"]
[White "Simonet Pons, Marc"]
[Black "Ubach Miralda, Marcelo"]
[Result "0-1"]
[WhiteElo "2300"]
[BlackElo "2313"]
[PlyCount "56"]
[EventDate "2003.??.??"]
[EventType "team"]
[EventRounds "9"]
[EventCountry "ESP"]
[SourceTitle "EXT 2007"]
[Source "ChessBase"]
[SourceDate "2006.11.23"]
[SourceVersion "1"]
[SourceVersionDate "2006.11.23"]
[SourceQuality "1"]

1. d4 d5 2. c4 c6 3. Nf3 Nf6 4. Nc3 dxc4 5. a4 Bf5 6. e3 e6 7. Bxc4 Bb4 8. 0-0 0-0 9. Qe2 Nbd7 10. e4 Bg6 11. Bd3 Bh5 12. Bf4 Re8 13. Rfd1 e5 14. dxe5 Nxe5 15. Bc2 Qa5 16. Na2 Bf8 17. Rab1 h6 18. b4 Nxf3+ 19. gxf3 Qf5 20. Qe3 Qh3 21. Bg3 a5 22. Qf4 Nd7 23. Bd3 Ne5 24. Bf1 Nxf3+ 25. Qxf3 Qxf1+ 26. Kxf1 Bxf3 27. Rd7 Bxe4 28. Rb2 Bf5 0-1

[Event "Catalunya-chT"]
[Site "Spain"]
[Date "2003.??.??"]
[Round "3"]
[White "Ubach Miralda, Marcelo"]
[Black "Serra Pages, Jordi"]
[Result "1/2-1/2"]
[WhiteElo "2313"]
[BlackElo "2178"]
[PlyCount "97"]
[EventDate "2003.??.??"]
[EventType "team"]
[EventRounds "9"]
[EventCountry "ESP"]
[SourceTitle "EXT 2007"]
[Source "ChessBase"]
[SourceDate "2006.11.23"]
[SourceVersion "1"]
[SourceVersionDate "2006.11.23"]
[SourceQuality "1"]

1. c4 Nf6 2. g3 e6 3. Bg2 d5 4. b3 Be7 5. Nf3 d4 6. 0-0 0-0 7. e3 c5 8. exd4 cxd4 9. d3 Nc6 10. Re1 Ne8 11. Na3 f6 12. Nc2 e5 13. Rb1 a5 14. a3 g5 15. b4 axb4 16. axb4 Bd6 17. b5 Ne7 18. Nb4 Bxb4 19. Rxb4 Qd6 20. Ra4 Rxa4 21. Qxa4 Rf7 22. Ba3 Qd8 23. Nd2 Kg7 24. Ne4 Bf5 25. Bb4 b6 26. Ra1 Bxe4 27. Bxe4 Nd6 28. Bg2 Nec8 29. Qa8 Qc7 30. Bd5 Rd7 31. Qc6 Qxc6 32. bxc6 Rc7 33. Ra8 f5 34. Rb8 Kf6 35. Rb7 Ne8 36. c5 bxc5 37. Ba5 Rg7 38. Bd8+ Kg6 39. Be6 Ned6 40. Bxc8 Nxc8 41. Rb8 Nd6 42. c7 Kh5 43. c8Q Nxc8 44. Rxc8 Rg8 45. f3 g4 46. Kf2 Re8 47. Rxc5 Rxd8 48. Rxe5 Kg6 49. Re6+ 1/2-1/2

[Event "Catalunya-chT"]
[Site "Spain"]
[Date "2003.??.??"]
[Round "7"]
[White "Vehi Bach, Victor Manuel"]
[Black "Ubach Miralda, Marcelo"]
[Result "1-0"]
[WhiteElo "2392"]
[BlackElo "2313"]
[PlyCount "49"]
[EventDate "2003.??.??"]
[EventType "team"]
[EventRounds "9"]
[EventCountry "ESP"]
[SourceTitle "EXT 2007"]
[Source "ChessBase"]
[SourceDate "2006.11.23"]
[SourceVersion "1"]
[SourceVersionDate "2006.11.23"]
[SourceQuality "1"]

1. e4 c6 2. d4 d5 3. e5 Bf5 4. Nf3 e6 5. a3 Nd7 6. Be2 Ne7 7. 0-0 c5 8. dxc5 Nc6 9. b4 Ndxe5 10. Nxe5 Nxe5 11. Bb2 Nc6 12. Nd2 Qc7 13. c4 0-0-0 14. Qa4 d4 15. Bf3 Kb8 16. Rfe1 Be7 17. Rad1 Bf6 18. Be4 Rhe8 19. Nf3 Bxe4 20. Rxe4 e5 21. Rde1 Re6 22. h3 Rde8 23. g4 Bd8 24. Bc1 h5 25. b5 1-0

[Event "Valles 3th"]
[Site "Valles"]
[Date "1999.??.??"]
[Round "?"]
[White "Baches Garcia, Guillermo"]
[Black "Ubach Miralda, Marcelo"]
[Result "1-0"]
[WhiteElo "2285"]
[BlackElo "2305"]
[PlyCount "60"]
[EventDate "1999.??.??"]
[EventType "tourn"]
[EventRounds "9"]
[EventCountry "ESP"]
[EventCategory "4"]
[SourceTitle "EXT 2000"]
[Source "ChessBase"]
[SourceDate "1999.11.16"]
[SourceVersion "1"]
[SourceVersionDate "1999.11.16"]
[SourceQuality "1"]

1. d4 d5 2. c4 c6 3. Nc3 Nf6 4. e3 g6 5. Nf3 Bg7 6. Bd3 0-0 7. 0-0 a6 8. b3 b5 9. Bd2 Nbd7 10. Rc1 Re8 11. cxd5 cxd5 12. a4 bxa4 13. Nxa4 Ne4 14. Be1 Bb7 15. Nc5 Nexc5 16. dxc5 Rc8 17. b4 e5 18. Bc2 d4 19. Ba4 Bxf3 20. Qxf3 e4 21. Qh3 Re7 22. exd4 Nf6 23. Bd2 Nd5 24. Rfd1 Rb8 25. Bb3 Nxb4 26. Bg5 Nd3 27. c6 Nxc1 28. Rxc1 Bxd4 29. Bxe7 Bxf2+ 30. Kh1 Qc7 1-0